| 000 | 00995cam a2200181ua 4500 | ||
|---|---|---|---|
| 020 | _c4.00 | ||
| 041 |
_aeng _h |
||
| 082 |
_a626.4 _bIND/CR |
||
| 110 | 1 |
_aIndian standards institution . _bISI _c() |
|
| 245 |
_aCriteria for design of canal lined regulators,IS:6531-1972 / _cIndian standards institution. _hTextual Documents |
||
| 250 |
_a1 / _b. |
||
| 260 |
_aNew Delhi : _bIndian standards institution , _c1972. |
||
| 300 | _a12 ; . | ||
| 365 | _a4.00 | ||
| 504 | _a | ||
| 942 | _cBK | ||
| 999 |
_c4637 _d4637 |
||